000 00606 a2200193 4500
020 _c180.00
035 _aB-79628
037 _bRP-L-341 / PANSY-03-04:34 / RP-03-04:ENG
082 1 4 _a330.0151
090 _c3329
_d3329
100 1 _aBansal, Anjali
245 1 _aMathematical methods for economics
_cby Anjali Bansal
250 _a3rd rev. & enl. ed.
260 _aDelhi
_bNath Enterprises
_c2003r
300 _axvi, 521 p
_c22 cm (pbk)
500 _aThis is reprint 2003
942 _adpl
_cEN
_k330.0151 / BAN
999 _c3264
_d3264